000 00416nam a2200181Ia 4500
008 170705s9999 xx 000 0 und d
020 _a9780060835576
245 _aJust saving my money /
245 _cMercer Mayer.
260 _aNew York :
260 _bHarper,
260 _c2010
300 _a29 pages :
300 _bcolor illustration ;
300 _c23cm.
440 _aI can read!
500 _a320
999 _c336890
_d336890